El poder penal internacional: una aproximación jurídica crítica a los fundamentos del Estatuto de Roma
Guardat en:
| Autor principal: | |
|---|---|
| Format: | Llibre |
| Idioma: | espanyol |
| Publicat: |
Barcelona
Atelier
2006
|
| Col·lecció: | Justicia Penal, 10
|
| Matèries: | |
| Etiquetes: |
Afegir etiqueta
Sense etiquetes, Sigues el primer a etiquetar aquest registre!
|
MARC
| LEADER | 00000nam a2200000 a 4500 | ||
|---|---|---|---|
| 001 | UCG5281 | ||
| 003 | CL-VaPUC | ||
| 008 | 110120e20060000SP |||||||||||||||||spa|d | ||
| 020 | |a 8496354830 | ||
| 082 | 0 | 4 | |a 341.77 |b PAS |2 21 |
| 100 | |a Pastor, Daniel R. |e autor |9 473867 | ||
| 245 | 1 | 3 | |a El poder penal internacional: una aproximación jurídica crítica a los fundamentos del Estatuto de Roma |
| 300 | |a 222 p | ||
| 942 | |c BK | ||
| 945 | |d 20110120 00:00:00 |a dcastane | ||
| 260 | |a Barcelona |b Atelier |c 2006 | ||
| 600 | 0 | 7 | |a ESTATUTO DE ROMA |2 CL-VaPUC |9 491606 |
| 650 | 0 | |a Derecho penal internacional |9 371889 | |
| 650 | 7 | |a CORTE PENAL INTERNACIONAL |2 CL-VaPUC |9 474594 | |
| 650 | 0 | |a Derecho comparado |9 255664 | |
| 583 | |a last modification |c 20110120 00:00:00 |k Rodrigo Vera | ||
| 490 | 0 | |a Justicia Penal, 10 | |
| 999 | |c 343834 |d 343832 | ||
| 952 | |0 0 |1 0 |4 0 |6 341_770000000000000_PAS_2006 |7 0 |8 A |9 441462 |a BIBDER |b BIBDER |d 2019-11-22 |i 4746619 |o 341.77 PAS 2006 |p 4746619 |r 2023-01-25 |w 2019-11-22 |y BK |k DER | ||